Autoevalvácia kvality školy - výzva na inovácie v pedagogickom riadení

Bibliographic Details
Main Author: Pavlov, Ivan, 1965- (Author)
Format: Article
Language:Slovak
PhysicalDescription:Tab.
ISSN:1335-3837
Subjects:

MARC

LEADER 00000nab a2200000 a 4500
001 vtls000714708
003 SK-MaSNL
005 20260304121651.0
008 250429|1999 xo ||||||| || 0 |slo
015 |a SNBRB2000/03-03972 
035 |a CLN000066875 
035 |a urn:nbn:sk:snk-ab758i 
035 |a (uuid)d7cb37a9-f569-4018-aa77-b60b9a8e8732 
035 |a (urnnbn)urn:nbn:sk:snk:ar-a06vxn 
035 |a (sysno)vtls000714708 
040 |a SNKBUCL  |b slo  |c SNKBUCL  |e AACR2 
041 0 |a slo 
044 |a xo  |c SK 
080 |a 371  |2 1997 
080 |a 37.02/.03  |2 1997 
100 1 |a Pavlov, Ivan,  |d 1965-  |4 aut  |9 119157 
245 1 0 |a Autoevalvácia kvality školy - výzva na inovácie v pedagogickom riadení  |c Ivan Pavlov 
300 |b Tab. 
504 |a Bibliogr. odkazy 
650 0 7 |a manažmet školy  |2 snkbucl  |9 1203681 
773 0 |t Slovenská pedagogika  |g Roč. 2, č. 7/8 (1999), s. 1-10  |x 1335-3837 
850 |a Slovenská národná knižnica 
852 |a Slovenská národná knižnica 
954 |a odborná, vedecká literatúra pôvodná (slovenská)  |2 lita 
958 |a article27 
958 |a OND 
958 |a EUIPO 
999 |c 2886250  |d 2888180